[Event "IBCA World-chT blind 9th"]
[Site "Ohrid"]
[Date "2022.07.03"]
[Round "6.4"]
[White "Zsiltzova Lisenko, Lubov"]
[Black "Kovacs, Apollon"]
[Result "0-1"]
[WhiteElo "2165"]
[BlackElo "2105"]
[PlyCount "60"]
[EventDate "2022.06.28"]
[EventType "team-swiss"]
[EventRounds "9"]
[EventCountry "MKD"]
[SourceTitle "EXT 2024"]
[Source "ChessBase"]
[SourceDate "2023.10.10"]
[SourceVersion "1"]
[SourceVersionDate "2023.10.10"]
[SourceQuality "1"]
[WhiteTeam "Ukraine"]
[BlackTeam "Hungary"]
[WhiteTeamCountry "UKR"]
[BlackTeamCountry "HUN"]

1. e4 e5 2. Nf3 Nc6 3. Bb5 a6 4. Bxc6 dxc6 5. 0-0 Bg4 6. h3 h5 7. d3 Qf6 8. Be3 g5 9. Nbd2 Qg7 10. Re1 Bd7 11. Nh2 Be7 12. f3 Nh6 13. Qe2 0-0-0 14. g4 hxg4 15. hxg4 Rh7 16. Ndf1 Rdh8 17. Ng3 Ng8 18. Nh5 Qg6 19. Nf1 Nf6 20. Nfg3 Nxh5 21. Nxh5 Rxh5 22. gxh5 Qxh5 23. Qg2 Bh3 24. Qg3 g4 25. f4 Bh4 26. Qh2 Bxe1 27. Rxe1 g3 28. Qxg3 Qh7 29. Qf3 Rg8+ 30. Kf2 Qh4+ 0-1

[Event "IBCA World-chT blind 9th"]
[Site "Ohrid"]
[Date "2022.07.02"]
[Round "5.2"]
[White "Kovacs, Apollon"]
[Black "Pirosca, Alexandru"]
[Result "1-0"]
[WhiteElo "2105"]
[BlackElo "1888"]
[PlyCount "79"]
[EventDate "2022.06.28"]
[EventType "team-swiss"]
[EventRounds "9"]
[EventCountry "MKD"]
[SourceTitle "EXT 2024"]
[Source "ChessBase"]
[SourceDate "2023.10.10"]
[SourceVersion "1"]
[SourceVersionDate "2023.10.10"]
[SourceQuality "1"]
[WhiteTeam "Hungary"]
[BlackTeam "Romania"]
[WhiteTeamCountry "HUN"]
[BlackTeamCountry "ROU"]

1. d4 Nf6 2. Nf3 g6 3. Bf4 Bg7 4. h3 d5 5. e3 0-0 6. Be2 c5 7. c3 Nc6 8. 0-0 Ne4 9. Nbd2 Nxd2 10. Qxd2 cxd4 11. cxd4 Qb6 12. Rfc1 Bf5 13. Rc5 Qd8 14. Rac1 a6 15. b4 Rc8 16. b5 axb5 17. Bxb5 Qb6 18. Rxd5 Be4 19. Rdc5 Bxf3 20. gxf3 Na7 21. Bd3 Qe6 22. Kg2 Rxc5 23. Rxc5 Nc8 24. Bc4 Qb6 25. Bc7 Qf6 26. Be5 Qb6 27. Bc7 Qf6 28. Bf4 Nd6 29. Bd3 Qe6 30. a4 Ra8 31. a5 h6 32. Bc2 Qd7 33. Qb4 Rc8 34. Bxd6 exd6 35. Rxc8+ Qxc8 36. Be4 Bf6 37. Bxb7 Qb8 38. a6 Bd8 39. Qa4 Bb6 40. Qd7 1-0

[Event "IBCA World-chT blind 9th"]
[Site "Ohrid"]
[Date "2022.06.29"]
[Round "2.2"]
[White "Stimec, Marjan"]
[Black "Kovacs, Apollon"]
[Result "1-0"]
[WhiteElo "1787"]
[BlackElo "2105"]
[PlyCount "89"]
[EventDate "2022.06.28"]
[EventType "team-swiss"]
[EventRounds "9"]
[EventCountry "MKD"]
[SourceTitle "EXT 2024"]
[Source "ChessBase"]
[SourceDate "2023.10.10"]
[SourceVersion "1"]
[SourceVersionDate "2023.10.10"]
[SourceQuality "1"]
[WhiteTeam "Slovenia"]
[BlackTeam "Hungary"]
[WhiteTeamCountry "SLO"]
[BlackTeamCountry "HUN"]

1. e4 e6 2. d4 d5 3. Nc3 Nf6 4. exd5 exd5 5. a3 Be6 6. Bg5 Be7 7. Nf3 c6 8. Bd3 Nbd7 9. 0-0 h6 10. Bd2 Qc7 11. Ne2 Nh5 12. Ng3 Nxg3 13. fxg3 Bd6 14. Qe2 0-0-0 15. Rae1 Rde8 16. Qf2 Qb6 17. b4 g5 18. c3 Re7 19. Re2 Rhe8 20. Rfe1 Nf6 21. a4 Bd7 22. Rxe7 Rxe7 23. Rxe7 Bxe7 24. Ne5 Be6 25. Qe2 Bd6 26. a5 Qc7 27. Nf3 Bg4 28. Qe3 Kd8 29. Ne5 Bc8 30. h3 a6 31. g4 Bxe5 32. dxe5 Nd7 33. e6 fxe6 34. Qxe6 Ne5 35. Qg8+ Ke7 36. Qg7+ Kd6 37. Qf6+ Be6 38. Bf5 Qe7 39. Qxh6 Nf7 40. Qg6 Ke5 41. Be3 Qd7 42. Qg7+ Kd6 43. Bc5+ Kc7 44. Qf8 Bxf5 45. Bb6# 1-0

[Event "HUN-chT2 Maroczy 1718"]
[Site "Hungary"]
[Date "2017.12.03"]
[Round "3.6"]
[White "Kovacs, Lajos1111"]
[Black "Kovacs, Apollon"]
[Result "1-0"]
[WhiteElo "2219"]
[BlackElo "2159"]
[PlyCount "65"]
[EventDate "2017.10.29"]
[EventType "team-tourn"]
[EventRounds "9"]
[EventCountry "HUN"]
[SourceTitle "EXT 2021"]
[Source "ChessBase"]
[SourceDate "2020.10.23"]
[SourceVersion "1"]
[SourceVersionDate "2020.10.23"]
[SourceQuality "1"]
[WhiteTeam "Dunaharaszti II"]
[BlackTeam "Miskolc KisBocsok"]
[WhiteTeamCountry "HUN"]
[BlackTeamCountry "HUN"]

1. d4 Nf6 2. Bg5 Ne4 3. h4 d5 4. Nd2 Nxg5 5. hxg5 Bf5 6. e3 e6 7. g4 Bg6 8. f4 c5 9. Ngf3 Nc6 10. c3 Qb6 11. Qb3 Bd6 12. Qxb6 axb6 13. a3 c4 14. Ne5 Nxe5 15. dxe5 Bc5 16. e4 Bxe4 17. Nxe4 dxe4 18. Bxc4 Be3 19. Rf1 h5 20. Ke2 Bc5 21. Rh1 h4 22. Bb5+ Kf8 23. Rh3 f6 24. gxf6 gxf6 25. exf6 Kf7 26. g5 Kg6 27. Rah1 Kf5 28. Rxh4 Rxh4 29. Rxh4 Bd6 30. f7 Rf8 31. Be8 Bxf4 32. Rxf4+ Kxf4 33. g6 1-0

[Event "HUN-chT2 Maroczy 1718"]
[Site "Hungary"]
[Date "2017.10.29"]
[Round "1.7"]
[White "Laszlo, Janos"]
[Black "Kovacs, Apollon"]
[Result "1/2-1/2"]
[WhiteElo "2228"]
[BlackElo "2140"]
[PlyCount "51"]
[EventDate "2017.10.29"]
[EventType "team-tourn"]
[EventRounds "9"]
[EventCountry "HUN"]
[SourceTitle "EXT 2021"]
[Source "ChessBase"]
[SourceDate "2020.10.23"]
[SourceVersion "1"]
[SourceVersionDate "2020.10.23"]
[SourceQuality "1"]
[WhiteTeam "Debrecen Sakkiskola"]
[BlackTeam "Miskolc KisBocsok"]
[WhiteTeamCountry "HUN"]
[BlackTeamCountry "HUN"]

1. Nf3 d5 2. e3 Nf6 3. c4 c6 4. Nc3 Nbd7 5. d4 e6 6. Bd3 dxc4 7. Bxc4 b5 8. Bb3 b4 9. Ne2 Ba6 10. 0-0 c5 11. Re1 Bd6 12. e4 Nxe4 13. Nf4 Bb7 14. d5 e5 15. Rxe4 0-0 16. Nh5 f5 17. Re1 h6 18. Nd2 Nb6 19. Nc4 Nxc4 20. Bxc4 Qh4 21. b3 f4 22. g3 Qh3 23. Bf1 Qf5 24. Bd3 Qh3 25. Bf1 Qf5 26. Bd3 1/2-1/2

[Event "HUN-chT2 Barcza 1617"]
[Site "Hungary"]
[Date "2016.11.27"]
[Round "5.5"]
[White "Rakaczki, Csaba"]
[Black "Kovacs, Apollon"]
[Result "0-1"]
[WhiteElo "2101"]
[BlackElo "2124"]
[PlyCount "63"]
[EventDate "2016.09.25"]
[EventType "team-tourn"]
[EventRounds "11"]
[EventCountry "HUN"]
[SourceTitle "EXT 2021"]
[Source "ChessBase"]
[SourceDate "2020.10.23"]
[SourceVersion "1"]
[SourceVersionDate "2020.10.23"]
[SourceQuality "1"]
[WhiteTeam "Debrecen Sakkbaratok"]
[BlackTeam "Miskolc Kisbocsok"]
[WhiteTeamCountry "HUN"]
[BlackTeamCountry "HUN"]

1. e4 c5 2. d4 cxd4 3. c3 dxc3 4. Nxc3 e6 5. Nf3 Nc6 6. Bc4 a6 7. 0-0 Nge7 8. Bg5 h6 9. Be3 b5 10. Bb3 Ng6 11. Qe2 Be7 12. Rfd1 0-0 13. Rac1 Bb7 14. a3 Rc8 15. Nd2 Na5 16. Ba2 Bg5 17. b4 Nc6 18. Nb3 Nce5 19. Nc5 Bc6 20. g3 Bxe3 21. Qxe3 Qb6 22. h3 Ne7 23. Rd6 Rc7 24. Nd5 exd5 25. exd5 N5g6 26. dxc6 Nf5 27. Nxd7 Qxe3 28. fxe3 Nxd6 29. Nxf8 Kxf8 30. Bd5 Ke7 31. Kf2 Ne5 32. e4 0-1

[Event "HUN-chT2 Barcza 1617"]
[Site "Hungary"]
[Date "2016.10.09"]
[Round "2.5"]
[White "Gunyecz, Zoltan"]
[Black "Kovacs, Apollon"]
[Result "1/2-1/2"]
[WhiteElo "1958"]
[BlackElo "2124"]
[PlyCount "85"]
[EventDate "2016.09.25"]
[EventType "team-tourn"]
[EventRounds "11"]
[EventCountry "HUN"]
[SourceTitle "EXT 2021"]
[Source "ChessBase"]
[SourceDate "2020.10.23"]
[SourceVersion "1"]
[SourceVersionDate "2020.10.23"]
[SourceQuality "1"]
[WhiteTeam "Nyiregyhaza SISE"]
[BlackTeam "Miskolc Kisbocsok"]
[WhiteTeamCountry "HUN"]
[BlackTeamCountry "HUN"]

1. d4 Nf6 2. c4 e6 3. Nf3 b6 4. Bg5 Bb7 5. e3 h6 6. Bh4 Be7 7. Bd3 c5 8. 0-0 d6 9. Nc3 cxd4 10. Nxd4 Nbd7 11. Be2 0-0 12. Ndb5 Qb8 13. Bg3 e5 14. f4 a6 15. fxe5 dxe5 16. Nd4 Rd8 17. Bf3 Qc8 18. Nf5 Bf8 19. Bxb7 Qxb7 20. Qe2 g6 21. Nh4 Bg7 22. Rad1 Rac8 23. Rd6 Qc7 24. Rfd1 Bf8 25. R6d2 Re8 26. b3 Qc6 27. Nd5 Ne4 28. Rc2 Nxg3 29. hxg3 Nf6 30. Nxf6+ Qxf6 31. Nf3 Bc5 32. Rcd2 e4 33. Nd4 Rcd8 34. Qf2 Qe5 35. Qf4 Qxf4 36. gxf4 Bb4 37. Rc2 f5 38. Kf2 Kf7 39. Rcc1 Bc5 40. Nc2 a5 41. Ke2 Ke7 42. Nd4 Rd6 43. Nb5 1/2-1/2

[Event "HUN-chT2 Barcza 1617"]
[Site "Hungary"]
[Date "2016.09.25"]
[Round "1.6"]
[White "Duzs, Jozsef"]
[Black "Kovacs, Apollon"]
[Result "1-0"]
[WhiteElo "1916"]
[BlackElo "2124"]
[PlyCount "89"]
[EventDate "2016.09.25"]
[EventType "team-tourn"]
[EventRounds "11"]
[EventCountry "HUN"]
[SourceTitle "EXT 2021"]
[Source "ChessBase"]
[SourceDate "2020.10.23"]
[SourceVersion "1"]
[SourceVersionDate "2020.10.23"]
[SourceQuality "1"]
[WhiteTeam "Edeleny"]
[BlackTeam "Miskolc Kisbocsok"]
[WhiteTeamCountry "HUN"]
[BlackTeamCountry "HUN"]

1. d4 Nf6 2. Nf3 e6 3. Bf4 c5 4. c3 Nc6 5. e3 d5 6. Ne5 Nxe5 7. Bxe5 Nd7 8. Bg3 a6 9. Nd2 b5 10. Bd3 Bb7 11. 0-0 Be7 12. Bc2 Qb6 13. Nf3 h5 14. h3 c4 15. Ne5 Nf6 16. Qe2 0-0 17. Bh4 g6 18. Bxf6 Bxf6 19. Nd7 Qd8 20. Nxf8 Qxf8 21. e4 b4 22. e5 Bg7 23. f4 Qe7 24. Rad1 h4 25. Qg4 a5 26. Qg5 Bf8 27. Qg4 Bg7 28. Rf3 a4 29. g3 b3 30. axb3 axb3 31. Bb1 hxg3 32. Rxg3 Ra1 33. h4 Bc8 34. h5 Bh6 35. Rf1 Kg7 36. hxg6 f5 37. Qh5 Qf8 38. Rh3 Qh8 39. Kg2 Bd7 40. Rfh1 Be8 41. Qxh6+ Qxh6 42. Rxh6 Bxg6 43. R6h4 Kf7 44. Bxf5 Bxf5 45. Rxa1 1-0

[Event "HUN-chT2 Barcza 1516"]
[Site "Hungary"]
[Date "2016.04.17"]
[Round "11.3"]
[White "Kovacs, Apollon"]
[Black "Herczeg, Tibor"]
[Result "1-0"]
[WhiteElo "2080"]
[BlackElo "2095"]
[PlyCount "51"]
[EventDate "2015.09.13"]
[EventType "team-tourn"]
[EventRounds "11"]
[EventCountry "HUN"]
[SourceTitle "EXT 2017"]
[Source "ChessBase"]
[SourceDate "2016.10.25"]
[SourceVersion "1"]
[SourceVersionDate "2016.10.25"]
[SourceQuality "1"]
[WhiteTeam "Miskolc KisBocsok"]
[BlackTeam "SSASSE"]
[WhiteTeamCountry "HUN"]
[BlackTeamCountry "HUN"]

1. e4 c5 2. Nf3 Nc6 3. d4 cxd4 4. Nxd4 Nf6 5. Nc3 e6 6. Ndb5 d6 7. Bf4 e5 8. Bg5 a6 9. Na3 b5 10. Nd5 Be7 11. Bxf6 Bxf6 12. c3 0-0 13. Nc2 Bg5 14. h4 Be7 15. a4 bxa4 16. Rxa4 f5 17. exf5 Bxf5 18. Nce3 Be6 19. Bd3 a5 20. Qh5 g6 21. Bxg6 Rf7 22. Bxf7+ Bxf7 23. Rg4+ Bg6 24. Rxg6+ hxg6 25. Qxg6+ Kh8 26. Qh6+ 1-0

[Event "HUN-chT2 Barcza 1516"]
[Site "Hungary"]
[Date "2016.02.28"]
[Round "8.4"]
[White "Szava, Miklos"]
[Black "Kovacs, Apollon"]
[Result "1-0"]
[WhiteElo "2102"]
[BlackElo "2098"]
[PlyCount "95"]
[EventDate "2015.09.13"]
[EventType "team-tourn"]
[EventRounds "11"]
[EventCountry "HUN"]
[SourceTitle "EXT 2017"]
[Source "ChessBase"]
[SourceDate "2016.10.25"]
[SourceVersion "1"]
[SourceVersionDate "2016.10.25"]
[SourceQuality "1"]
[WhiteTeam "Debrecen Sakkbaratok"]
[BlackTeam "Miskolc KisBocsok"]
[WhiteTeamCountry "HUN"]
[BlackTeamCountry "HUN"]

1. e4 c5 2. d4 cxd4 3. c3 dxc3 4. Nxc3 Nc6 5. Nf3 a6 6. Bc4 e6 7. 0-0 Nge7 8. Bg5 h6 9. Bh4 g5 10. Bg3 Ng6 11. Nd5 d6 12. Ne3 Be7 13. Qe2 b5 14. Bb3 Qb6 15. a4 Bb7 16. axb5 axb5 17. Rad1 Nge5 18. Bxe5 dxe5 19. Ng4 h5 20. Ngxe5 g4 21. Nxf7 Kxf7 22. e5 Na5 23. Bxe6+ Qxe6 24. Nd4 Qg6 25. f3 g3 26. e6+ Kg7 27. hxg3 Kh7 28. Qxb5 Rhd8 29. b4 Rd5 30. Qe2 Ba6 31. b5 Bb7 32. Nc2 Rad8 33. Rxd5 Bxd5 34. Qe5 Qxc2 35. Qxh5+ Kg8 36. Qf7+ Kh8 37. Qxe7 Rg8 38. Qf6+ Rg7 39. Qh4+ Kg8 40. Qd8+ Kh7 41. Qxd5 Rxg3 42. Qh5+ Kg8 43. Qf7+ Kh8 44. Rf2 Qb1+ 45. Kh2 Rg6 46. Qf8+ Kh7 47. e7 Qc1 48. Qf7+ 1-0

[Event "HUN-chT2 Maroczy 1415"]
[Site "Hungary"]
[Date "2015.01.25"]
[Round "5"]
[White "Brandics, Jozsef"]
[Black "Kovacs, Apollon"]
[Result "1-0"]
[WhiteElo "2269"]
[BlackElo "2074"]
[PlyCount "75"]
[EventDate "2014.10.12"]
[EventType "team-tourn"]
[EventRounds "9"]
[EventCountry "HUN"]
[SourceTitle "EXT 2016"]
[Source "ChessBase"]
[SourceDate "2015.10.08"]
[SourceVersion "1"]
[SourceVersionDate "2015.10.08"]
[SourceQuality "1"]
[WhiteTeam "TLSE"]
[BlackTeam "Miskolc KisBocsok"]
[WhiteTeamCountry "HUN"]
[BlackTeamCountry "HUN"]

1. d4 Nf6 2. Bg5 e6 3. e4 h6 4. Bxf6 Qxf6 5. e5 Qd8 6. f4 d6 7. Nf3 dxe5 8. Nxe5 Nd7 9. Nc3 a6 10. Qh5 Qf6 11. Bd3 g6 12. Qf3 Bb4 13. 0-0 c6 14. Ne4 Qg7 15. c3 Be7 16. g4 f5 17. gxf5 exf5 18. Nd2 Nxe5 19. fxe5 Be6 20. Bc4 Qf7 21. b3 0-0-0 22. Bxe6+ Qxe6 23. b4 Rhf8 24. Nb3 g5 25. Nc5 Qg6 26. Qd3 g4 27. Rf2 Bh4 28. Rg2 Rg8 29. a4 f4 30. Qxg6 Rxg6 31. b5 f3 32. Rb2 f2+ 33. Kg2 g3 34. h3 a5 35. bxc6 bxc6 36. Rab1 f1Q+ 37. Kxf1 g2+ 38. Kg1 1-0

[Event "HUN-chT2 Maroczy 1415"]
[Site "Hungary"]
[Date "2014.11.16"]
[Round "2"]
[White "Kovacs, Apollon"]
[Black "Meszaros, Matyas"]
[Result "1/2-1/2"]
[WhiteElo "2074"]
[BlackElo "2191"]
[PlyCount "32"]
[EventDate "2014.10.12"]
[EventType "team-tourn"]
[EventRounds "9"]
[EventCountry "HUN"]
[SourceTitle "EXT 2016"]
[Source "ChessBase"]
[SourceDate "2015.10.08"]
[SourceVersion "1"]
[SourceVersionDate "2015.10.08"]
[SourceQuality "1"]
[WhiteTeam "Miskolc KisBocsok"]
[BlackTeam "Penzugyor II"]
[WhiteTeamCountry "HUN"]
[BlackTeamCountry "HUN"]

1. Nf3 d5 2. d4 e6 3. e3 c6 4. Bd3 Nd7 5. Nbd2 f5 6. c4 Qf6 7. Qc2 Nh6 8. b3 Bd6 9. Bb2 0-0 10. 0-0-0 Ng4 11. Rhf1 Qe7 12. h3 Ngf6 13. Kb1 Ne4 14. Ne5 Nxe5 15. dxe5 Bb4 16. Nf3 Bd7 1/2-1/2

[Event "HUN-chT2 Barcza 1314"]
[Site "Hungary"]
[Date "2014.04.27"]
[Round "11"]
[White "Kovacs, Apollon"]
[Black "Duzs, Jozsef"]
[Result "1-0"]
[WhiteElo "2062"]
[BlackElo "2030"]
[PlyCount "111"]
[EventDate "2013.09.08"]
[EventType "team-tourn"]
[EventRounds "11"]
[EventCountry "HUN"]
[SourceTitle "EXT 2016"]
[Source "ChessBase"]
[SourceDate "2015.10.08"]
[SourceVersion "1"]
[SourceVersionDate "2015.10.08"]
[SourceQuality "1"]
[WhiteTeam "Miskolc KisBocsok"]
[BlackTeam "Edeleny"]
[WhiteTeamCountry "HUN"]
[BlackTeamCountry "HUN"]

1. e4 e6 2. d4 d5 3. Nc3 Bb4 4. e5 c5 5. a3 cxd4 6. Qxd4 Nc6 7. Bb5 Bd7 8. Bxc6 Bxc3+ 9. Qxc3 Bxc6 10. Qg3 g6 11. Ne2 Ne7 12. Bg5 Qb6 13. Qf4 Ng8 14. 0-0-0 h6 15. Bf6 Rh7 16. Nd4 Qc7 17. h4 Nxf6 18. Qxf6 Qe7 19. Qxe7+ Kxe7 20. Rd3 Rc8 21. Rf3 h5 22. Rf6 Rhh8 23. Rh3 Rhd8 24. Kd2 Rc7 25. Nf3 Ke8 26. Nd4 Ke7 27. Rhf3 Be8 28. c3 a6 29. R3f4 Rdd7 30. f3 Rc4 31. g4 b5 32. gxh5 gxh5 33. Rh6 a5 34. Rxh5 b4 35. axb4 axb4 36. Ne2 bxc3+ 37. bxc3 Rxf4 38. Nxf4 Ra7 39. Rg5 Ra2+ 40. Ke3 Rc2 41. Kd3 Rf2 42. Rg3 Bb5+ 43. Ke3 Rh2 44. Rh3 Rxh3 45. Nxh3 f6 46. Kf4 Kf7 47. Nf2 Be2 48. Ng4 fxe5+ 49. Nxe5+ Kf6 50. h5 Bd1 51. Ng4+ Kg7 52. Kg3 Bc2 53. f4 Be4 54. Kh4 Bf5 55. Kg5 Kf7 56. Nh6+ 1-0

[Event "HUN-chT2 Barcza 1314"]
[Site "Hungary"]
[Date "2013.09.22"]
[Round "2"]
[White "Kun, Imre"]
[Black "Kovacs, Apollon"]
[Result "0-1"]
[WhiteElo "1940"]
[BlackElo "2062"]
[PlyCount "126"]
[EventDate "2013.09.08"]
[EventType "team-tourn"]
[EventRounds "11"]
[EventCountry "HUN"]
[SourceTitle "EXT 2016"]
[Source "ChessBase"]
[SourceDate "2015.10.08"]
[SourceVersion "1"]
[SourceVersionDate "2015.10.08"]
[SourceQuality "1"]
[WhiteTeam "Nadudvar"]
[BlackTeam "Miskolc KisBocsok"]
[WhiteTeamCountry "HUN"]
[BlackTeamCountry "HUN"]

1. d4 d5 2. c4 e6 3. Nc3 Nf6 4. e3 Nbd7 5. Nf3 c6 6. Bd3 Bd6 7. 0-0 0-0 8. e4 dxe4 9. Nxe4 Nxe4 10. Bxe4 Nf6 11. Bc2 h6 12. b3 Qc7 13. Bb2 Rd8 14. Qe2 b6 15. Rad1 Bb7 16. Rd3 Re8 17. Ne5 Rad8 18. Rg3 Kf8 19. Bc3 c5 20. dxc5 Bxc5 21. Nd3 Bd4 22. Ne5 Bxc3 23. Rxc3 Rd4 24. Re1 Red8 25. Rd3 Rxd3 26. Bxd3 Be4 27. f4 Qc5+ 28. Qe3 Rxd3 29. Qxc5+ bxc5 30. Nxd3 Bxd3 31. Kf2 Ke7 32. Ke3 Be4 33. g4 Bc6 34. h3 Ne4 35. a3 f6 36. b4 cxb4 37. axb4 Nd6 38. Kd4 Bg2 39. Re3 Kd7 40. Ra3 Nc8 41. c5 Bf1 42. h4 a6 43. g5 hxg5 44. hxg5 Ne7 45. Ra1 Bb5 46. Rh1 Nc6+ 47. Kc3 Ke7 48. g6 f5 49. Rg1 Kf6 50. Rd1 Kxg6 51. Re1 Kf6 52. Rg1 Ne7 53. Rc1 g5 54. fxg5+ Kxg5 55. Re1 Kf6 56. Kd2 f4 57. Rh1 Kf5 58. Ra1 e5 59. Rh1 Ke4 60. Rh3 Kd4 61. Rh6 f3 62. Rd6+ Ke4 63. Re6 Nc6 0-1

[Event "HUN-chT2 Barcza 1213"]
[Site "Hungary"]
[Date "2013.03.03"]
[Round "8.3"]
[White "Bakos, Levente"]
[Black "Kovacs, Apollon"]
[Result "0-1"]
[WhiteElo "2153"]
[BlackElo "2012"]
[PlyCount "98"]
[EventDate "2012.09.16"]
[EventType "team-tourn"]
[EventRounds "11"]
[EventCountry "HUN"]
[SourceTitle "EXT 2014"]
[Source "ChessBase"]
[SourceDate "2013.11.20"]
[SourceVersion "1"]
[SourceVersionDate "2013.11.20"]
[SourceQuality "1"]
[WhiteTeam "DEAC"]
[BlackTeam "Sajoszentpeter"]
[WhiteTeamCountry "HUN"]
[BlackTeamCountry "HUN"]

1. e4 c5 2. Nf3 d6 3. d4 cxd4 4. Nxd4 a6 5. Nc3 Nf6 6. Bg5 e6 7. f4 Be7 8. Qf3 Qc7 9. 0-0-0 Nbd7 10. g4 b5 11. Bxf6 gxf6 12. f5 Ne5 13. Qh3 b4 14. Nce2 exf5 15. Nxf5 Bxf5 16. exf5 Qc4 17. Rd4 Qxa2 18. Rxb4 d5 19. Nc3 Qa1+ 20. Kd2 Bxb4 21. Bb5+ axb5 22. Rxa1 Rxa1 23. Ke2 Bxc3 24. Qxc3 0-0 25. g5 Re8 26. gxf6 Nc4+ 27. Kf2 Ne3 28. Qc6 Raa8 29. Qd6 Ng4+ 30. Kg3 Ne3 31. Kf2 Ra4 32. b4 Kh8 33. Qd7 Ng4+ 34. Kg3 Nxf6 35. Qxf7 Ra6 36. Qb7 Ra3+ 37. Kg2 Rc3 38. Qxb5 Rxc2+ 39. Kf3 Rc3+ 40. Kg2 Ra8 41. Qf1 Ra2+ 42. Kg1 Rcc2 43. Qe1 Ne4 44. Qf1 Rf2 45. Qc1 Rg2+ 46. Kh1 Rxh2+ 47. Kg1 Rag2+ 48. Kf1 Ng3+ 49. Ke1 Rh1# 0-1

[Event "HUN-chT2 Barcza 1213"]
[Site "Hungary"]
[Date "2012.10.07"]
[Round "2.2"]
[White "Kovacs, Apollon"]
[Black "Molnar, Peter"]
[Result "0-1"]
[WhiteElo "1994"]
[BlackElo "2367"]
[PlyCount "76"]
[EventDate "2012.09.16"]
[EventType "team-tourn"]
[EventRounds "11"]
[EventCountry "HUN"]
[SourceTitle "EXT 2014"]
[Source "ChessBase"]
[SourceDate "2013.11.20"]
[SourceVersion "1"]
[SourceVersionDate "2013.11.20"]
[SourceQuality "1"]
[WhiteTeam "Sajoszentpeter"]
[BlackTeam "Edeleny"]
[WhiteTeamCountry "HUN"]
[BlackTeamCountry "HUN"]

1. e4 c5 2. Nf3 d6 3. Nc3 e5 4. Bc4 Be7 5. d3 Nf6 6. 0-0 0-0 7. Ne1 Nc6 8. f4 Bg4 9. Qd2 exf4 10. Qxf4 Ne5 11. Bb3 Qd7 12. h3 Be6 13. Nf3 Ng6 14. Qg3 Bxb3 15. axb3 d5 16. exd5 Nxd5 17. Ne5 Nxe5 18. Qxe5 Nb4 19. Qe2 Rae8 20. Qd1 b6 21. Kh1 Bd6 22. Ne4 Be5 23. Rb1 f5 24. Ng5 h6 25. Nf3 Bg3 26. Bd2 Nc6 27. Bc3 Nd4 28. Nxd4 cxd4 29. Bb4 Rf6 30. Qf3 Re3 31. Qa8+ Kh7 32. Be1 Bc7 33. Bf2 Qd6 34. Bg1 Re2 35. Rbc1 Rg6 36. Qf3 Rexg2 37. Rf2 Rxf2 38. Qxf2 Qd5+ 0-1

[Event "HUN-chT2 Barcza 1112 "]
[Site "Hungary"]
[Date "2012.04.22"]
[Round "9"]
[White "Kovacs, Tamas"]
[Black "Kovacs, Apollon"]
[Result "1-0"]
[WhiteElo "2159"]
[BlackElo "1967"]
[PlyCount "73"]
[EventDate "2011.09.25"]
[EventType "team-tourn"]
[EventRounds "11"]
[EventCountry "HUN"]
[SourceTitle "EXT 2013"]
[Source "ChessBase"]
[SourceDate "2012.11.22"]
[SourceVersion "1"]
[SourceVersionDate "2012.11.22"]
[SourceQuality "1"]
[WhiteTeam "Sarospatak"]
[BlackTeam "Sajoszentpeter"]
[WhiteTeamCountry "HUN"]
[BlackTeamCountry "HUN"]

1. d4 d5 2. c4 e6 3. Nc3 Nf6 4. Nf3 Nbd7 5. g3 c6 6. Bg2 Be7 7. 0-0 0-0 8. b3 Ne4 9. Bb2 f5 10. e3 Bd6 11. Rc1 h5 12. Ne5 Bxe5 13. dxe5 h4 14. cxd5 Nxc3 15. Rxc3 cxd5 16. Qd4 hxg3 17. hxg3 Nb6 18. a4 Rf7 19. e4 fxe4 20. Bxe4 Qg5 21. Bb1 Bd7 22. Kg2 Bc6 23. Rh1 g6 24. Bc1 Qe7 25. Bxg6 Rg7 26. Bh5 Nd7 27. Bh6 Rh7 28. Bg4 Nf8 29. f3 Ng6 30. Rcc1 Qc7 31. Rh5 Re8 32. Rch1 Kf7 33. Bg5 Rxh5 34. Bxh5 Kg7 35. Bf6+ Kh7 36. Bxg6+ Kxg6 37. Qg4+ 1-0

[Event "HUN-chT2 Barcza 1112 "]
[Site "Hungary"]
[Date "2012.01.29"]
[Round "5"]
[White "Kovacs, Apollon"]
[Black "Ballai, Zsolt"]
[Result "0-1"]
[WhiteElo "1967"]
[BlackElo "2284"]
[PlyCount "81"]
[EventDate "2011.09.25"]
[EventType "team-tourn"]
[EventRounds "11"]
[EventCountry "HUN"]
[SourceTitle "EXT 2013"]
[Source "ChessBase"]
[SourceDate "2012.11.22"]
[SourceVersion "1"]
[SourceVersionDate "2012.11.22"]
[SourceQuality "1"]
[WhiteTeam "Sajoszentpeter"]
[BlackTeam "Hajduboszormeny"]
[WhiteTeamCountry "HUN"]
[BlackTeamCountry "HUN"]

1. e4 c5 2. Nf3 d6 3. d4 Nf6 4. Nc3 cxd4 5. Nxd4 a6 6. Be2 e5 7. Nb3 Be7 8. Be3 Be6 9. Bf3 0-0 10. g4 Nbd7 11. g5 Ne8 12. h4 Nb6 13. Nd2 Rc8 14. a4 Nc4 15. Nxc4 Rxc4 16. Rg1 Qc8 17. Qd2 Bd8 18. a5 f6 19. Be2 Rc6 20. gxf6 Bxf6 21. h5 Kh8 22. Rc1 Rc7 23. Bb6 Rcf7 24. Nd5 Bh4 25. Rg2 Bxd5 26. Qxd5 Qh3 27. Bf1 Qf3 28. h6 gxh6 29. Qd3 Rf4 30. Qxf3 Rxf3 31. Bc4 Nf6 32. Rh2 Rf4 33. Ke2 Rxe4+ 34. Kd3 Bg5 35. Rf1 Rf4 36. Be3 Rf3 37. Ke2 Ng4 38. Rhh1 Bxe3 39. fxe3 Rxf1 40. Rxf1 Rxf1 41. Kxf1 0-1

[Event "HUN-chT2 Barcza 1112 "]
[Site "Hungary"]
[Date "2011.10.30"]
[Round "2"]
[White "Cselenyi, Balazs"]
[Black "Kovacs, Apollon"]
[Result "1-0"]
[WhiteElo "2210"]
[BlackElo "2014"]
[PlyCount "87"]
[EventDate "2011.09.25"]
[EventType "team-tourn"]
[EventRounds "11"]
[EventCountry "HUN"]
[SourceTitle "EXT 2013"]
[Source "ChessBase"]
[SourceDate "2012.11.22"]
[SourceVersion "1"]
[SourceVersionDate "2012.11.22"]
[SourceQuality "1"]
[WhiteTeam "Debrecen Sakkbaratok"]
[BlackTeam "Sajoszentpeter"]
[WhiteTeamCountry "HUN"]
[BlackTeamCountry "HUN"]

1. d4 d5 2. c4 e6 3. Nf3 Nf6 4. Bg5 Be7 5. Nc3 Nbd7 6. e3 0-0 7. Rc1 b6 8. cxd5 exd5 9. Bd3 c5 10. 0-0 Bb7 11. Re1 Ne4 12. Bxe7 Qxe7 13. Nd2 f5 14. f3 Nxc3 15. bxc3 Rae8 16. Qa4 c4 17. Bb1 a6 18. e4 b5 19. Qc2 fxe4 20. fxe4 dxe4 21. Nxe4 Bxe4 22. Rxe4 Qxe4 23. Qxe4 Rxe4 24. Bxe4 Nf6 25. Bb7 Rb8 26. Bxa6 Nd5 27. a4 Nc7 28. axb5 Rb6 29. Ra1 Nd5 30. Ra3 Kf7 31. Kf2 Rf6+ 32. Ke2 Nf4+ 33. Kd2 Nxg2 34. b6 Rf2+ 35. Kd1 Ne3+ 36. Kc1 Rc2+ 37. Kb1 Rd2 38. Ra2 Rd1+ 39. Kb2 Rd2+ 40. Ka3 Rd1 41. b7 Rb1 42. Rb2 Ra1+ 43. Kb4 Ke6 44. Bxc4+ 1-0